Statistics for Hotel California Lyrics

Click here to take the quiz!

General Stats

  • This quiz has been taken 43,423 times
  • The average score is 32 of 47

Answer Stats

Lyric% Correct
Welcome to the {Hotel} {California}
95%
Such a lovely {place} (Such a lovely {place})
93%
This could be {Heaven} or this could be Hell
91%
On a dark desert {highway}, cool wind in my hair
89%
And I thought I heard them {say}
83%
Some dance to remember, some dance to {forget}
82%
Any time of {year} (Any time of {year})
80%
He said, "We haven't had that spirit here since {1969}"
80%
There she stood in the {doorway}
79%
Last thing I {remember}, I was
77%
Such a lovely {face}
77%
But you can {never} {leave}
75%
Please bring me my {wine}
75%
She got a lot of pretty, pretty boys she calls {friends}
74%
Up ahead in the distance, I saw a {shimmering} {light}
74%
And I was thinking {to} {myself}
73%
But they just can't kill the {beast}
73%
What a nice {surprise} (What a nice {surprise})
73%
Of our own {device}"
72%
Wake you up in the {middle} {of} {the} {night}
72%
I had to {stop} {for} {the} {night}
71%
My head grew heavy and my sight grew {dim}
71%
There were voices down the {corridor}
71%
To the place I was {before}
70%
And she said, "We are all just {prisoners} here,
68%
And still those voices are calling from {far} {away}
67%
Pink {champagne} on ice
67%
You can find {it} {here}
67%
They gathered for the {feast}
66%
You can {check} {out} any time you like,
66%
{Just} {to} hear them say,
63%
Mirrors on the {ceiling}
63%
I heard the {mission} {bell}
61%
{Running} for the door
61%
And in the master's {chambers}
60%
So I called up the {Captain},
58%
I had to find the passage {back}
57%
They {livin'} {it} {up} at the Hotel California
56%
How they dance in the {courtyard}, sweet summer sweat
52%
They stab it with their {steely} {knives}
51%
{Plenty} {of} {room} at the Hotel California
50%
Warm smell of {colitas}, rising up through the air
49%
We are programmed to {receive}
48%
Bring your {alibis}
47%
Then she {lit} {up} {a} {candle} and she showed me the way
43%
"{Relax}," said the night man
42%
Her mind is {Tiffany}-twisted, she got the Mercedes bends
41%

Score Distribution

Percentile by Number Answered

Percent of People with Each Score

Your Score History

You have not taken this quiz